| 000 | 00362 a2200133 4500 | ||
|---|---|---|---|
| 001 | 91950 | ||
| 082 | _aPR 1722 | ||
| 090 |
_c43897 _d43896 |
||
| 100 | _aKhawaja Attique Ahmed; Prof Sohail Ahmed, Advisors | ||
| 245 |
_aImplementation of a Transceiver in MATLAB _n64 "B" EC |
||
| 260 |
_aRawalpindi _bNUST _c2007 |
||
| 300 | _a112p | ||
| 500 | _aBE Project Reports | ||
| 942 |
_aCAE NUST _kPR 1722 |
||
| 999 |
_c327023 _d327023 |
||